Normal view
MARC view
Entry Geographic Name
001 - CONTROL NUMBER
- control field: 38519
003 - CONTROL NUMBER IDENTIFIER
- control field: ARRUPE
005 - DATE AND TIME OF LATEST TRANSACTION
- control field: 20180117082549.0
008 - FIXED-LENGTH DATA ELEMENTS
- fixed length control field: 180117|| aca||aabn | a|a d
040 ## - CATALOGING SOURCE
- Original cataloging agency: ARRUPE
- Transcribing agency: ARRUPE
151 ## - HEADING--GEOGRAPHIC NAME
- Geographic name: Congo (Democratic Republic)
- General subdivision: Social life and customs
- General subdivision: Dictionaries
- General subdivision: French.
670 ## - SOURCE DATA FOUND
- Source citation: Work cat.: (ARRUPE)0: Dictionnaire des rites., c1984-89.